[Event "RUS-chT 18th"]
[Site "Olginka"]
[Date "2011.04.22"]
[Round "10"]
[White "Potkin, Vladimir"]
[Black "Bologan, Viktor"]
[Result "0-1"]
[WhiteElo "2653"]
[BlackElo "2671"]
[Annotator "Bologan,V"]
[PlyCount "80"]
[EventDate "2011.04.12"]
[EventType "team-tourn"]
[EventRounds "11"]
[EventCountry "RUS"]
[SourceTitle "EXT 2020"]
[Source "ChessBase"]
[SourceDate "2019.10.17"]
[SourceVersion "1"]
[SourceVersionDate "2019.10.17"]
[SourceQuality "1"]
[WhiteTeam "Moscow ShSM-64"]
[BlackTeam "Tomsk 400"]
[WhiteTeamCountry "RUS"]
[BlackTeamCountry "RUS"]

{The match with Moscow was the decisive one for the first place. That's why I
got from my team "Tomsk-400" a free day before the game with Potkin. I used it
partly for recovering from a difficult defence with Efimenko and partly for
coming up with an opening surprise for my opponent. The second task was
especially difficult, since Vladimir is a well-known theoretician himself.} 1.
d4 Nf6 2. c4 e6 3. Nc3 Bb4 4. e3 O-O 5. Bd3 c5 6. Nf3 b6 $1 {Surprise! I had
never played this move before so there was little chance that he checked this
line before the game.} 7. O-O {The main move. On the very top level last year
there was played the ambitious} (7. d5 exd5 (7... b5 {is less convincing} 8.
dxe6 fxe6 9. cxb5 d5 10. O-O Nbd7 11. Qc2 c4 12. Be2 Bb7 13. b3 cxb3 14. Qxb3
Bd6 $6 15. Ba3 $16 {Gustafsson J 2640 - Svetushkin D 2547 , 10.5.2010 40th
Bosna Open}) 8. cxd5 h6 9. e4 Nxe4 10. Bxe4 Bxc3+ 11. bxc3 Re8 12. Nd2 f5 13.
O-O fxe4 14. c4 d6 15. Bb2 Qg5 16. f3 $1 {Aronian L 2782 - Kramnik V 2790 , 20.
3.2010 19th Amber Rapid}) 7... Bb7 8. Na4 {Avoiding the typical Nimzo
structures which are comfortable for Black thanks to the developed bishop on
b7 and control over the squares d5 and e4.} (8. a3 Bxc3 9. bxc3 Ne4 10. Nd2 f5
11. f3 Nxd2 12. Bxd2 Nc6 13. Qc2 Qf6 14. Rf2 Rac8 15. dxc5 bxc5 $15 {Rusev K
2543 - Georgiev Vl 2586 , 12.7.2010 7th South Wales Int}) 8... cxd4 9. exd4 Re8
10. a3 Bf8 11. Re1 ({The other plan is connected with} 11. b4 d6 12. Bb2 Nbd7
13. Re1 g6 14. Nc3 Bg7 15. Bf1 a6 $13) 11... d6 12. Bf4 (12. Bg5 Nbd7 13. Rc1
Rc8 14. Nc3 a6 15. b4 Rc7 16. Nd2 Qa8 17. f3 d5 18. c5 bxc5 19. dxc5 e5 {
Peralta - Fier, 22.6.2009 1st Mercosur Olimpiada, transposing into one of the
Zaitsev variations in the Ruy Lopez, where the black pawns can be very
dangerous.}) 12... Nbd7 13. Rc1 g6 {Until now we cannot blame either side for
doing anything wrong, but danger is already in the air and White has to be
careful.} 14. h3 $2 ({After the normal} 14. Nc3 {Black should be satisfied
with an equal game after} Rc8 15. b4 e5 16. dxe5 Nh5 17. Be3 Bxf3 18. Qxf3 Nxe5
19. Qe2 Qh4 20. g3 Qh3 21. Nd5 Ng4 22. f3 Nxe3 23. Nxe3 Bh6 24. Qf2 Nf6 $11)
14... e5 $3 {Out of the blue. Technically speaking White has more captures on
e5 but the black pieces are slighly better placed which sometimes makes the
decisive difference.} 15. dxe5 {The new European champion, after a long period
of thought, takes things under control and minimises the consequences of the
blunder.} dxe5 16. Nxe5 (16. Bg5 e4 $19) 16... Nh5 $1 {The key move of the
combination, now White has to be very lucky, not to lose immediately.} 17. Bf1
$1 (17. Nxd7 Rxe1+ 18. Qxe1 Nxf4 19. Be4 Qxd7 $19) 17... Nxf4 (17... Bxg2 18.
Qxd7 Qxd7 19. Nxd7 Rxe1 20. Rxe1 Bxf1 21. Nxf8 Nxf4 22. Nxg6 hxg6 23. Kxf1 Rd8
$11) (17... Bg7 $5 18. Qxd7 Qxd7 19. Nxd7 Nxf4 20. g3 Bc6 21. Rxe8+ Rxe8 22.
gxf4 Bxa4 23. Ne5 $11) 18. Qxd7 Qxd7 19. Nxd7 Rxe1 20. Rxe1 Bc6 $1 {An
important moment - i had to see this move before playing ...e5.} 21. Nxf8 Bxa4
{The knight on f8 can not escape. After the game some colleagues, who saw the
face of Potkin at this moment, told me that he looked shocked, which means he
had blundered again. I am not sure of that, especially as Vladimir continued
his excellent defence with some more only moves.} 22. g3 $1 Nh5 23. Nxh7 $1 (
23. b3 {doesn't help:} Bc6) 23... Kxh7 24. Re7 (24. Bg2 Re8 $19) 24... Be8 $6 {
For a long time after the game I was very proud of this move, considering it
the most difficult for me in the game. But when I started at home a deep
analysis of the game I found out that this move lets the biggest part of the
advantage slip away. Here already I spent quite a lot of time, which I could
afford. Considering briefly ...Kg7, I moved my calculations to ...Kg8.} (24...
Kg8 25. Bg2 Rc8 26. Bd5 Be8 27. Rxa7 Nf6 28. Ra8 Rxa8 29. Bxa8 Ba4 30. b4 {
at this moment I stopped evaluating the position with very good drawing
chances for White (which was later confirmed by the home analysis).} Kf8 31. f3
Ke7 32. Kf2 Bb3 33. c5 bxc5 34. bxc5 Nd7 35. c6 Nb6 36. Bb7 Kd6 (36... Nd5 37.
h4 Kd6 38. g4 Ne7 39. Ke3 f6 40. Kd2 Bf7 41. a4 Nxc6 42. Bxc6 Kxc6 43. Ke3 Kd6
44. Kd4 Be8 45. a5 Bb5 46. h5 gxh5 47. gxh5 Ke6 48. f4 {=}) 37. h4) (24... Kg7
$1 {My very first, and as usually happens, the right idea.} 25. Bg2 Rc8 $1 {
It's important to provoke the bishop to come to d5.} 26. Bd5 Be8 27. Rxa7 Nf6
28. Ra8 {Here I briefly considered only the exchange of the rooks with
eventual draw, instead} Rc7 $1 {would lead to a serious, not to say a decisive
advantage} 29. Rb8 (29. b3 Bd7 30. Bg2 Bf5 $17) 29... Nxd5 30. cxd5 Bd7 31.
Rxb6 Bxh3 32. a4 Rc5 33. b4 Rxd5 $17) 25. Bg2 Rd8 26. Bd5 $2 {Mutual courtesy.}
(26. b4 $1 {instead would put the match in danger since our fourth board was
already in a lost position:} a5 (26... Nf6 27. Rxa7 Rd1+ 28. Kh2 Rd2 29. Kg1
Kg7 30. Rb7 Rc2 31. Rxb6 Rxc4 32. b5 Bd7 33. g4 g5 34. Rb7 Be6 35. b6 Nd7 36.
Kh2 Rc2 37. Rc7 Rxf2 38. Kg1 Rb2 39. b7 $11) 27. c5 {!} axb4 28. cxb6 {!} b3
29. b7 Nf6 30. a4 Rd1+ 31. Kh2 b2 32. b8=Q b1=Q 33. Qxb1 Rxb1 34. g4 Kg7 35. g5
$11) 26... Kg7 27. Rxa7 Nf6 28. Ra8 Rd6 $1 {After this the fate of the game
was decided and the title became very close to us (finally we were only half a
board point short of becoming champions).} 29. Bf3 (29. b4 b5 30. f3 Nxd5 $19)
(29. g4 Bd7 30. Bg2 Rd1+ 31. Kh2 Rd2 32. g5 Nh7 33. Rb8 Rxf2 34. Rxb6 Nxg5 35.
Kg3 Rc2 $19) 29... Rd3 30. Kg2 Rxf3 {!} 31. Rxe8 Rb3 32. Re2 Nd7 $1 33. a4 Nc5
34. a5 bxa5 35. Re5 Nd3 36. Rxa5 Rxb2 37. Kf3 Nxf2 38. h4 f5 39. h5 Ng4 40. Kf4
Kh6 0-1

[Event "ROM-chT"]
[Site "Sovata"]
[Date "1998.??.??"]
[Round "4"]
[White "Dumitrache, Dragos Nicolae"]
[Black "Vajda, Albert"]
[Result "1/2-1/2"]
[WhiteElo "2385"]
[BlackElo "2400"]
[Annotator "Bulletin"]
[PlyCount "83"]
[EventDate "1998.??.??"]
[EventType "team"]
[EventRounds "5"]
[EventCountry "ROU"]
[SourceTitle "EXT 1999"]
[Source "ChessBase"]
[SourceDate "1998.11.16"]
[SourceVersion "1"]
[SourceVersionDate "1998.11.16"]
[SourceQuality "1"]

1. d4 Nf6 2. c4 e6 3. Nc3 Bb4 4. e3 b6 5. Bd3 Bb7 6. Nf3 Ne4 7. Qc2 f5 8. O-O
Bxc3 9. bxc3 O-O 10. Ne1 c5 11. f3 Nd6 12. Ba3 Qc7 13. Rc1 Nc6 14. dxc5 bxc5
15. Bxc5 Ne5 16. Bb4 a5 17. Bxd6 Qxd6 18. f4 Ng4 19. Qe2 Qc5 20. Nc2 Rac8 21.
Nd4 Ba6 22. h3 Nf6 23. Nb3 Qc7 24. Nd2 Rb8 25. Rb1 Qc5 26. Kf2 Qa3 27. Rxb8
Rxb8 28. Rb1 Rxb1 29. Nxb1 Qd6 30. Qc2 Bb7 31. Nd2 h6 32. Nf3 g5 33. fxg5 hxg5
34. Qb1 g4 35. Ng1 gxh3 36. Qxb7 Ng4+ 37. Kf1 h2 38. g3 Qxg3 $4 (38... Qxd3+
39. Kg2 Qd2+ 40. Kh3 hxg1=N+ (40... hxg1=Q $18) 41. Kh4 Qh2+ 42. Kg5 Qh6#) 39.
Qc8+ Kh7 40. Qxd7+ Kh8 41. Qe8+ Kh7 42. Qf7+ 1/2-1/2

[Event "Hoogovens"]
[Site "Wijk aan Zee"]
[Date "1984.01.15"]
[Round "3"]
[White "Ree, Hans"]
[Black "Kortschnoj, Viktor Lvovich"]
[Result "1/2-1/2"]
[WhiteElo "2480"]
[BlackElo "2635"]
[Annotator "Bulletin"]
[PlyCount "111"]
[EventDate "1984.01.13"]
[EventType "tourn"]
[EventRounds "13"]
[EventCountry "NED"]
[EventCategory "13"]
[SourceTitle "MCL"]
[Source "ChessBase"]
[SourceDate "1999.07.01"]
[SourceVersion "1"]
[SourceVersionDate "1999.07.01"]
[SourceQuality "1"]

1. d4 Nf6 2. c4 e6 3. Nf3 b6 4. Nc3 Bb7 5. e3 Bb4 6. Bd3 O-O 7. O-O Bxc3 8.
bxc3 c5 (8... d6) 9. Nd2 $2 (9. Re1 $1) 9... Nc6 10. Nb3 d6 11. e4 a5 $1 (11...
cxd4 $6 12. cxd4 Nb4 13. Bb1 Bxe4 14. Bxe4 Nxe4 15. Qe1 $16) 12. Be3 cxd4 13.
cxd4 Nb4 $15 14. d5 (14. f3 Nxd3 15. Qxd3 d5 $17) 14... exd5 15. exd5 b5 $1 16.
cxb5 Nfxd5 17. Bc1 (17. Bd4 Qg5 $17) (17. Re1 $5) 17... Qf6 18. Qd2 (18. Nd4 $2
Nc3 {/\ Qxd4 -+}) 18... Rfe8 (18... a4 19. Nd4) 19. Bc4 a4 $6 (19... Rac8 $5
20. Nxa5 $140 $2 (20. Bxd5 $15) 20... Rxc4) 20. Nd4 Re4 21. Rd1 $8 (21. Bb2 $2
a3 $19) 21... Rc8 (21... Rae8 $5) 22. Bxd5 Nxd5 23. f3 Ree8 24. Qg5 $1 $10 Qxg5
25. Bxg5 Nc3 26. Re1 $1 (26. Rd2 Re5 27. Bf4 Rd5 $17) 26... Rxe1+ 27. Rxe1 h6
28. Bh4 Rc4 29. Nf5 Nxb5 30. Bg3 Rc2 31. Re8+ Kh7 32. Rb8 Bc6 33. Rc8 a3 34.
Nxd6 Nd4 35. Nxf7 Rxa2 (35... Ne2+ 36. Kf2) (35... Bd5 36. Rh8+ Kg6 37. Ne5+
Kf6 38. Rf8+ Ke7 39. Ng6+ $10) 36. Rh8+ Kg6 37. Ne5+ Kf6 38. Nxc6 Nxc6 39. Ra8
Ke6 40. Be1 Nd4 41. Bb4 Nb5 (41... Nc2 42. Bc3) 42. Ra6+ Kf7 43. Ra5 Ra1+ 44.
Kf2 a2 45. Bd2 Nd6 46. Bc3 Rc1 47. Ra7+ Ke6 48. Bxg7 Rc2+ 49. Ke3 Rxg2 50. Bf8
Nc4+ 51. Kd4 Nd2 52. Kc3 h5 53. Rxa2 Ne4+ 54. Kb3 Rxa2 55. Kxa2 Ng5 56. Kb3
1/2-1/2

[Event "Seville op"]
[Site "Seville"]
[Date "1993.??.??"]
[Round "7"]
[White "Gomez Esteban, Juan Mario"]
[Black "Franco Ocampos, Zenon"]
[Result "1/2-1/2"]
[WhiteElo "2410"]
[BlackElo "2505"]
[Annotator "Bulletin"]
[PlyCount "79"]
[EventDate "1993.01.??"]
[EventType "swiss"]
[EventRounds "10"]
[EventCountry "ESP"]
[SourceTitle "CBM 038"]
[Source "ChessBase"]
[SourceDate "1994.02.01"]
[SourceVersion "1"]
[SourceVersionDate "1994.02.01"]
[SourceQuality "1"]

1. d4 Nf6 2. c4 e6 3. Nc3 Bb4 4. e3 b6 5. Bd3 Bb7 6. Nge2 Bxg2 7. Rg1 Be4 (7...
Bf3 8. Qc2 Nh5 9. Bd2 Qh4 10. O-O-O Nc6 11. a3 Be7 12. Rdf1 $13) 8. a3 Bxc3+ 9.
Nxc3 Bxd3 (9... Bg6 10. e4 d5 (10... d6 11. Bg5 e5 12. f4 exf4 13. Nd5 c6 14.
Nxf6+ gxf6 15. Bxf4 $44 {Zsinka-Muse/Budapest/1986/}) 11. e5 Ne4 12. Bxe4 dxe4
13. Be3 $44) 10. Qxd3 O-O 11. e4 Ne8 12. Bg5 f6 13. Bh4 Nc6 14. f4 Ne7 15.
O-O-O (15. d5 $5) 15... Ng6 16. Bg3 f5 17. d5 Qc8 18. e5 Rf7 19. h4 Nf8 20. h5
exd5 21. cxd5 c6 22. Kb1 Nc7 23. Bh4 Nxd5 24. Nxd5 cxd5 25. Rc1 Qe8 26. Bf6 Rc8
27. Rxc8 (27. Rcf1 $5) 27... Qxc8 28. Qxf5 Ne6 29. h6 g6 30. Rxg6+ hxg6 31.
Qxg6+ Kf8 32. h7 Rxh7 33. Qxh7 Qc4 34. Qe7+ Kg8 35. Qe8+ Nf8 36. Qh5 Qf1+ 37.
Ka2 Qc4+ 38. Kb1 Qf1+ 39. Ka2 Qc4+ 40. Kb1 1/2-1/2

[Event "RUS-ch"]
[Site "Elista"]
[Date "1995.??.??"]
[Round "3"]
[White "Iskusnyh, Sergei"]
[Black "Ibragimov, Ildar"]
[Result "1-0"]
[WhiteElo "2430"]
[BlackElo "2580"]
[Annotator "Chekhov,V"]
[PlyCount "75"]
[EventDate "1995.10.??"]
[EventType "swiss"]
[EventRounds "11"]
[EventCountry "RUS"]
[SourceTitle "CBM 050"]
[Source "ChessBase"]
[SourceDate "1996.02.01"]
[SourceVersion "1"]
[SourceVersionDate "1996.02.01"]
[SourceQuality "1"]

1. d4 Nf6 2. c4 e6 3. Nc3 Bb4 4. e3 b6 5. Bd3 Bb7 6. Nf3 c5 7. O-O O-O 8. Na4
cxd4 (8... Qe7 9. a3 Ba5 10. Rb1 Ne4 11. b3 f5 12. Qe2 $14 {Petrosian,
T-Bronstein,D/Kislovodsk/1982/1|0/42/}) 9. exd4 (9. a3 Be7 10. exd4 d6 11. Re1
Nbd7 12. b4 a5 13. Bb2 axb4 14. axb4 Re8 15. Nc3 Rxa1 16. Bxa1 Bf8 17. Bb2 $14
{Gulko,B-Ionov,S/Volgodonsk/1983/0,5/22/}) 9... Be7 (9... Re8 $5 10. a3 (10. c5
$6 Bxf3 11. Qxf3 Nc6 12. Qd1 Nxd4 13. Bxh7+ Nxh7 14. Qxd4 bxc5 15. Nxc5 Qb6 16.
Be3 e5 17. Qc4 Rac8 18. Rac1 Nf6 19. Nd3 $1 $10 {Korchnoi,V-Ivanchuk,V/Monaco/
1993/0,5/55/}) 10... Bf8 11. Bg5 d6 12. Nc3 Be7 13. Re1 Nbd7 14. Qe2 h6 15. Bh4
Nh5 16. Bxe7 Qxe7 $10 {Kharitonov,A-Chernin,A/Lvov/1984/0|1/42/}) 10. Re1 d5 $6
{/N/} (10... Re8 11. a3 d6 12. b4 Nbd7 13. Bb2 Rc8 14. Nc3 g6 15. Bf1 a6 16.
Nd2 Nh5 17. d5 e5 18. Nb3 $14 {Polugaevsky,L-Seirawan,Y/Toluca/1982/1|0/49/}) (
10... Na6 $5 11. a3 d5 12. cxd5 Nxd5 13. Nc3 Nac7 14. Ne4 Nf6 15. Nxf6+ Bxf6
16. Bf4 Nd5 17. Be5 Bxe5 18. dxe5 Nf4 $10 {Iskusnyh,S-Budnikov,A/Vladivostok/
1995/0,5/35/}) 11. c5 bxc5 12. Nxc5 Bxc5 13. dxc5 Nbd7 14. b4 a5 15. Nd4 Qc7 (
15... Rc8 16. a3 $16) (15... e5 16. c6 exd4 17. cxb7 Rb8 18. Ba6 Qb6 19. b5 Ne4
20. Bf4 $16) (15... Qc8 16. Qc2 $16) 16. Bg5 $1 (16. Qc2 Rfc8) 16... e5 (16...
axb4 17. c6 Bxc6 18. Rc1 Nb8 19. Bxf6 gxf6 20. Bxh7+ Kxh7 21. Qh5+ Kg7 22. Qg4+
Kh7 23. Re3 $18) 17. Nb5 Qb8 18. Nd6 (18. a3 axb4 19. axb4 Rxa1 20. Qxa1 d4
$132) 18... axb4 19. Bxf6 Nxf6 (19... gxf6 20. Bxh7+ Kxh7 21. Qh5+ Kg8 22. Re3
$18) 20. Rxe5 Bc6 21. Rg5 g6 (21... Qd8 $5) 22. h4 (22. Qf3 Qd8 $13) 22... Qd8
23. Qe1 Ra3 24. Rd1 Rc3 (24... Rxa2 25. Qxb4 (25. Nf5 $5 Re8 (25... Ba4 $5) 26.
Qxb4 Ra4 27. Qb2 $36) 25... Ra4 26. Qe1 $6 (26. Qb2 $5 Rxh4 27. Nf5 Ra4 28. Re1
Re8 29. Rxe8+ Bxe8 30. Qe5 $146) 26... Rxh4 27. Nf5 Ne4 $1 $17) 25. a3 Rxa3 26.
Qxb4 Qa5 $6 (26... Ra4 $5 27. Qb2 $5 Rxh4 28. Nf5 Ra4 29. Re1 $146) 27. Qd4 Qc3
28. Qf4 Ra4 29. Qf3 $16 Nd7 $6 (29... Rxh4 30. Nf5 Ra4 31. Ne7+ $18) (29... Kh8
$5) 30. Bxg6 $1 Qxf3 31. Bxf7+ Kh8 32. gxf3 Nxc5 (32... Rxh4 33. Bxd5 Bxd5 34.
Rdxd5 $18) 33. Bxd5 Bxd5 34. Rdxd5 Ne6 35. Rg4 $18 Ra1+ 36. Kh2 Ra3 37. Re5 Ng7
(37... Rf6 38. Rxe6 Rxe6 39. Nf7#) 38. Re7 (38. Re7 Nh5 39. Nf7+ $18) 1-0

[Event "Hamburger SK im HSV"]
[Site "Hamburg"]
[Date "1985.11.23"]
[Round "8"]
[White "Cordes, Hans Joerg"]
[Black "Schulte, Oliver"]
[Result "0-1"]
[WhiteElo "2310"]
[BlackElo "2345"]
[Annotator "ChessBase"]
[PlyCount "78"]
[EventDate "1985.11.16"]
[EventType "tourn"]
[EventRounds "9"]
[EventCountry "GER"]
[EventCategory "4"]
[SourceTitle "MCL"]
[Source "ChessBase"]
[SourceDate "1999.07.01"]
[SourceVersion "1"]
[SourceVersionDate "1999.07.01"]
[SourceQuality "1"]

1. d4 Nf6 2. c4 e6 3. Nc3 Bb4 4. Nf3 b6 5. e3 Ne4 6. Qc2 Bxc3+ 7. bxc3 Bb7 8.
Bd3 f5 9. O-O O-O 10. Nd2 Qh4 11. f3 Nxd2 12. Bxd2 Nc6 13. Rab1 Na5 14. c5 Bc6
15. c4 Nb7 16. e4 Qf6 17. Be3 Rae8 18. a4 d6 19. cxd6 cxd6 20. Rfe1 f4 21. Bf2
e5 22. a5 exd4 23. axb6 axb6 24. Rxb6 Rc8 25. Qb2 Nc5 26. Bxd4 Qh4 27. Bf2 Qg5
28. Qd4 Nd7 {[#]} 29. Qxd6 $16 (29. Rxc6 $1 $18 Rxc6 30. e5 Nxe5 31. Qd5+ Kh8
32. Rxe5 Qxe5 33. Qxc6 $18) 29... Rf6 30. Qe7 (30. Rxc6 Rxd6 31. Rxc8+ Kf7 32.
Be2 $16) 30... Nxb6 31. Bxb6 Re8 32. Qc7 Rg6 33. Bf1 h5 34. Rd1 h4 35. Rd6 (35.
h3) 35... Rxd6 36. Qxd6 Bb7 (36... Qf6 37. Qxf6 gxf6 38. Bc7 Ra8 39. Bxf4 $14)
37. c5 $16 Kh7 38. Qd7 (38. c6 Bc8 39. c7 $18) 38... Re7 {[#]} 39. Bd8 $4 (39.
Qd6 $16) 39... Qxc5+ $19 0-1

[Event "Vidmar Memorial-05"]
[Site "Bled/ Portoroz"]
[Date "1979.06.12"]
[Round "9"]
[White "Gligoric, Svetozar"]
[Black "Kuzmin, Gennadi P"]
[Result "1-0"]
[WhiteElo "2560"]
[BlackElo "2565"]
[Annotator "ChessBase"]
[PlyCount "67"]
[EventDate "1979.06.02"]
[EventType "tourn"]
[EventRounds "15"]
[EventCountry "SLO"]
[EventCategory "12"]
[SourceTitle "MCL"]
[Source "ChessBase"]
[SourceDate "1999.07.01"]
[SourceVersion "1"]
[SourceVersionDate "1999.07.01"]
[SourceQuality "1"]

1. d4 Nf6 2. c4 e6 3. Nc3 Bb4 4. e3 b6 5. Bd3 Bb7 6. Nf3 Ne4 7. O-O $1 Bxc3 8.
bxc3 O-O 9. Ne1 f5 (9... Qh4 10. f3 $16) 10. f3 Nf6 11. Nc2 c5 12. Bd2 Qe7 13.
Qe2 d6 14. e4 fxe4 15. fxe4 Nc6 (15... e5 16. Ne3 $1 {/\ Nf5}) 16. Bg5 cxd4 17.
cxd4 Rae8 18. Rae1 Qd8 19. Qd1 (19. e5 $6 dxe5 20. dxe5 (20. Bxh7+ $6 Kxh7 21.
Bxf6 Rxf6 $1 22. Rxf6 gxf6 23. Qh5+ Kg8 $13) 20... Nxe5 21. Bxh7+ Kxh7 22. Qxe5
Ng4 $1) 19... e5 20. d5 Nb8 (20... Ne7) 21. Ne3 Bc8 22. Qa4 $1 Re7 23. Bxf6
Rxf6 24. Rxf6 gxf6 25. Be2 $1 Rg7 26. Qd1 Qc7 (26... f5 $5 27. exf5 Nd7 28. Bf3
$16) 27. Bg4 Bxg4 28. Nxg4 Qxc4 $6 (28... Nd7 29. Nh6+ Kh8 30. Nf5 $16) 29.
Nxf6+ Kh8 30. Qh5 Qc5+ 31. Kh1 Qc8 32. Ne8 $1 Qc3 (32... Rg6 33. Nxd6 $1 Qc3
34. Qxe5+ Qxe5 35. Nf7+ $16) 33. Rf1 Rg6 34. Qf5 1-0

[Event "Biel"]
[Site "Biel"]
[Date "1995.??.??"]
[Round "10"]
[White "Gelfand, Boris"]
[Black "De Firmian, Nick E"]
[Result "1/2-1/2"]
[WhiteElo "2685"]
[BlackElo "2605"]
[Annotator "Dautov,R"]
[PlyCount "121"]
[EventDate "1995.07.??"]
[EventType "tourn"]
[EventRounds "13"]
[EventCountry "SUI"]
[EventCategory "15"]
[SourceTitle "CBM 049"]
[Source "ChessBase"]
[SourceDate "1995.12.01"]
[SourceVersion "1"]
[SourceVersionDate "1995.12.01"]
[SourceQuality "1"]

1. d4 Nf6 2. c4 e6 3. Nc3 Bb4 4. e3 b6 5. Bd3 Bb7 6. Nf3 O-O 7. O-O c5 8. Na4
cxd4 9. a3 Be7 10. exd4 d6 11. Re1 (11. b4 Nbd7 12. Bb2 a5 $10) 11... Nbd7 12.
Nc3 (12. b3 d5 13. Bb2 (13. Nc3 $142) 13... Rc8 14. Qe2 Qc7 15. Nc3 Qf4 16. Ne5
dxc4 17. bxc4 Nxe5 18. dxe5 Ng4 19. g3 Qf3 20. Nd5 Bxd5 21. cxd5 Qxd5 22. Rad1
Qb3 23. Qe4 g6 24. Bc1 Nxe5 25. Qxe5 Rxc1 26. Rxc1 Qxd3 $15 {Ehlvest,J-Aseev,K/
URS-ch51 Lvov 1984}) 12... d5 13. b3 $5 {N} (13. cxd5 Nxd5 14. Bd2 (14. Nxd5
Bxd5 15. Bf4 Nf6 $10) 14... Rc8 15. Nxd5 Bxd5 16. Ba6 Ra8 17. Rc1 {1/2-1/2
Gulko,B-De Firmian,N/USA-ch 1988}) 13... Rc8 14. Bf4 $5 Nb8 (14... Nh5 15. Be3
Qc7 16. Nb5 Qb8 17. Ne5 Nhf6 18. Bf4 $16) (14... Ba6 $5 15. cxd5 (15. Qe2 Nh5
16. Bd2 (16. Be3 Qc7 17. Nd2 dxc4 18. bxc4 Nf4 19. Bxf4 Qxf4 $15) 16... dxc4
17. bxc4 Qc7 18. Ne5 Nxe5 19. dxe5 g6 20. Nb5 Qd7 $15) 15... Rxc3 16. Bxa6 Nxd5
$10) 15. Ne5 Nc6 16. Nb5 $1 a6 (16... dxc4 17. bxc4 a6 18. Nxc6 Rxc6 19. Nc3 (
19. Na7 $2 Rc7 20. Bxc7 Qxc7 21. c5 bxc5 $19)) 17. Nxc6 Rxc6 18. Nc3 {><a6} Rc8
19. Qd2 Re8 20. h3 h6 21. Be5 Bd6 (21... dxc4 22. bxc4 Nd7 23. Bf4 (23. Bg3 $2
Bf6 24. Qe3 Nc5 $17 (24... b5 $17)) 23... Bf6 24. Be3 e5 25. d5 e4 26. Bf1 b5
27. Bd4 bxc4 28. Rab1 Ba8 29. Rxe4 Rxe4 30. Nxe4 Bxd5 31. Bxf6 Nxf6 32. Nxf6+
gxf6 33. Qxh6 $14) 22. cxd5 Nxd5 (22... exd5 $5 23. Bf5 (23. b4 Bxe5 24. dxe5
d4 25. Na4 Nd7 26. Bf5 Bc6 27. Nb2 g6 $132) 23... Rc7 24. Bxd6 (24. Bxf6 Rxe1+
25. Rxe1 Qxf6 26. Re8+ Bf8 $10) 24... Rxe1+ 25. Rxe1 Qxd6 $10) 23. Nxd5 exd5
24. Qf4 Bxe5 25. dxe5 Rc3 26. Qd4 Qc7 {/\Qc5} 27. b4 $14 a5 28. Re3 Kf8 29. Kh2
Bc8 30. f4 g6 31. Bb5 (31. Qxd5 Bb7 32. Qa2 Rd8 33. Qe2 axb4 34. axb4 Rd4 $10)
31... Rxe3 32. Qxe3 Rd8 33. Rc1 d4 34. Qxd4 $2 (34. Rxc7 dxe3 35. bxa5 bxa5 36.
Kg3 Be6 37. Kf3 Rd2 $132) (34. Qd2 $1 Qa7 (34... Qe7 35. bxa5 bxa5 36. Qxa5 $16
) 35. Rc6 {/\Rd6} (35. Rc4 $2 d3 36. Rc3 Bf5) 35... Ba6 36. Bxa6 Qxa6 37. Rd6
Rxd6 38. exd6 $16) 34... Rxd4 35. Rxc7 Be6 36. bxa5 bxa5 37. Ra7 (37. Kg3 g5 (
37... Rd2 38. Ra7 Bd5 39. Bf1 $16) 38. fxg5 hxg5 39. Ra7 Rd5 40. Rxa5 Rxe5 $14)
37... Rxf4 38. Rxa5 Bd5 39. Be2 Rf2 40. Rxd5 Rxe2 41. a4 Ra2 42. a5 Ke7 43. Kg3
Ke6 44. Rc5 Kf5 45. Kf3 Ra3+ 46. Ke2 Ra2+ 47. Kd3 Rxg2 $10 48. Kc4 Ra2 49. Kb5
g5 50. a6 h5 51. e6+ Kxe6 52. Rxg5 f5 53. Rxh5 f4 54. Rh8 f3 55. Rf8 f2 56. h4
Kd5 57. Kb6 Rb2+ 58. Ka7 Ke4 59. h5 Ke3 60. h6 Rb1 61. h7 (61. h7 Rh1 62. Re8+
Kd2 63. Rf8 Ke2 $10) 1/2-1/2